000 00231nam a2200097Ia 4500
001 640831
005 20250826153455.0
008 250824s9999 xx 000 0 und d
245 0 _aYASEMEN
_cHASAN NAİL CANAT
260 _bGENÇ TİMAŞ
999 _c640831
_d640831